Online
Catalog

Diseño digital : (Record no. 1460)

MARC details
000 -CABECERA
campo de control de longitud fija 00898cam a2200241 a 4500
001 - NÚMERO DE CONTROL
campo de control 000001559
005 - FECHA Y HORA DE LA ÚLTIMA TRANSACCIÓN
campo de control 20200929145624.0
008 - DATOS DE LONGITUD FIJA--INFORMACIÓN GENERAL
campo de control de longitud fija 000524s2001 mx ad b 001 0 spa
020 ## - NÚMERO INTERNACIONAL ESTÁNDAR DEL LIBRO
Número Internacional Estándar del Libro 9701704045
040 ## - FUENTE DE LA CATALOGACIÓN
Centro catalogador/agencia de origen DO-SdBNP
Lengua de catalogación spa
Centro/agencia transcriptor BNPHU
041 17 - CÓDIGO DE LENGUA
Código de lengua del texto/banda sonora o título independiente eng
Código de lengua original spa
082 ## - NÚMERO DE LA CLASIFICACIÓN DECIMAL DEWEY
Número de clasificación 621.395
Número de documento/Ítem W149d, 2001
100 1# - ENTRADA PRINCIPAL--NOMBRE DE PERSONA
Nombre de persona Wakerly, John F.
9 (RLIN) 5116
240 10 - TÍTULO UNIFORME
Título uniforme Digital design. Principles and practices.
Lenguaje de la obra Español
245 10 - MENCIÓN DE TÍTULO
Título Diseño digital :
Resto del título principios y prácticas /
Mención de responsabilidad, etc. John F. Wakerly ; traducción de Efrén Alatorre Miguel.
250 ## - MENCIÓN DE EDICIÓN
Mención de edición 3a ed.
260 ## - PUBLICACIÓN, DISTRIBUCIÓN, ETC.
Lugar de publicación, distribución, etc. México :
Nombre del editor, distribuidor, etc. Pearson Educación,
Fecha de publicación, distribución, etc. 2001.
300 ## - DESCRIPCIÓN FÍSICA
Extensión xxviii, 946 p. :
Otras características físicas il., tablas ;
Dimensiones 24 cm.
440 #0 - MENCIÓN DE SERIE/PUNTO DE ACCESO ADICIONAL--TÍTULO
Título Prentice Hall Xilinx design
9 (RLIN) 5117
534 ## - NOTA SOBRE LA VERSIÓN ORIGINAL
Encabezamiento principal del original Título original:
Mención de título del original Digital design. Principles and practices
650 #4 - PUNTO DE ACCESO ADICIONAL DE MATERIA--TÉRMINO DE MATERIA
Término de materia o nombre geográfico como elemento de entrada Circuitos integrados digitales
Subdivisión general Diseño y construcción
9 (RLIN) 5118
700 1# - PUNTO DE ACCESO ADICIONAL--NOMBRE DE PERSONA
Nombre de persona Alatorre Miguel, Efrén,
Término indicativo de función/relación tr.
9 (RLIN) 5119
Holdings
Estado de retiro Estado de pérdida Restricciones de uso No para préstamo Código de colección Localización permanente Ubicación/localización actual Ubicación en estantería Fecha de adquisición Número de inventario Total de préstamos Signatura topográfica completa Código de barras Fecha visto por última vez Número de copia Precio válido a partir de Tipo de ítem Koha
        Monografías: Libros y Folletos General General Depósito 11.02.2011 LF1   621.395 W149d, 2001 1559-30 25.06.2020 e. 3 25.06.2020 Préstamo en sala
    Préstamo interno   Monografías: Libros y Folletos Patrimonio Dominicano Patrimonio Dominicano Depósito 03.07.2009 LF1   621.395 W149d, 2001 1559-10 25.06.2020   25.06.2020 Préstamo interno
    Préstamo restringido Préstamo restrigido Monografías: Libros y Folletos Patrimonio Dominicano Patrimonio Dominicano Depósito 03.07.2009 LF1   621.395 W149d, 2001 1559-20 25.06.2020 e. 2 25.06.2020 Préstamo interno

Powered by Koha